000 00494pam a2200193 a 4500
020 _c
040 _aMedical College Lib.
041 _aENG
_hENG
082 _a617
_bMOR
100 _aMorrisstiff, Gareth J. .
245 _aClinical Cases for the MRCS & AFRCS /
_c
_hTextual Documents
260 _aLondon :
_bArnold ,
_c1998.
300 _a139 ;
_c
365 _a793=00
653 _aMedical Science
930 _a3095
999 _c3094
_d3094